|
|
|
|
| LEADER |
01127nam a2200301 a 4500 |
| 001 |
31361 |
| 003 |
BD-DhAAL |
| 005 |
20161006135834.0 |
| 008 |
161006s2008 enk b 001 0 eng |
| 010 |
|
|
|a 91030815
|
| 020 |
|
|
|a 9780521416856
|
| 020 |
|
|
|a 9780521055307
|
| 020 |
|
|
|a 052141685X
|
| 040 |
|
|
|a DLC
|c DLC
|d DLC
|d BD-DhAAL
|
| 050 |
0 |
0 |
|a JF60
|b .H33 1992
|
| 082 |
0 |
0 |
|a 321.8091724
|2 20
|
| 100 |
1 |
|
|a Hadenius, Axel,
|d 1945-
|9 20569
|
| 245 |
1 |
0 |
|a Democracy and development /
|c by Axel Hadenius.
|
| 260 |
|
|
|a Cambridge ;
|a New York :
|b Cambridge University Press,
|c 1992 [Digitally printed 2008 ]
|
| 300 |
|
|
|a xi, 218 p. ;
|c 24 cm.
|
| 504 |
|
|
|a Includes bibliographical references (P. 201-213) and index.
|
| 526 |
|
|
|a BIGD
|
| 541 |
|
|
|e 31361
|
| 650 |
|
0 |
|a Democracy
|z Developing countries.
|9 20570
|
| 651 |
|
0 |
|a Developing countries
|x Politics and government.
|9 20571
|
| 942 |
|
|
|2 ddc
|c BK
|
| 999 |
|
|
|c 37824
|d 37824
|
| 952 |
|
|
|0 0
|1 4
|2 ddc
|4 0
|6 321_809172400000000_HAD
|7 0
|9 59657
|a BRACUL
|b BRACUL
|c GEN
|d 2016-09-25
|e Trim Education
|g 3447.00
|l 0
|o 321.8091724 HAD
|p 3010031361
|r 2016-10-01
|t 1
|v 3447.00
|w 2016-09-25
|y BK
|x Koha Inventory 2020
|